000 00567cam a22002292a 4500
999 _c35432
_d35432
001 024613
003 AR-FADEU
005 20220607121526.0
008 311216n2009####xxu####################dd
020 _a950-695-145-4
040 _cBiblioteca Ernesto Sábato
092 _a839.818 74
_bA544
_eJLS
100 _aAndersen, H. Ch.
245 _aLa sirenita y otros cuentos
260 _aBuenos Aires
260 _bAlianza
300 _a94 p
440 _aBiblioteca Página/12
_n 69
650 _aLITERATURA DANESA
650 _aJLS
942 _cJLS
_2ddc